Κατάλογος Βιβλιοθηκών Mediterranean College

Η Νεότερη Πρακτική Λογιστική και Όλες Οι Εργασίες του Λογιστηρίου / Όλες οι Εργασίες του Λογιστή, από την Αρχή μέχρι το Τέλος του Χρόνου και Λυμένη κάθε Περίπτωση που Συναντάμε στην Πράξη (Record no. 667)

MARC details
000 -LEADER
fixed length control field 03100cam a22001814a 4500
005 - ΗΜΕΡΟΜΗΝΙΑ ΚΑΙ ΩΡΑ ΤΕΛΕΥΤΑΙΑΣ ΕΝΗΜΕΡΩΣΗΣ
Πεδίο ελέγχου 20250605163942.0
008 - FIXED-LENGTH DATA ELEMENTS--GENERAL INFORMATION
Πεδίο ελέγχου σταθερού μήκους 250528s ||||||||||||||||||||||||d
035 ## - SYSTEM CONTROL NUMBER
System control number 15068
040 ## - ΠΗΓΗ ΚΑΤΑΛΟΓΟΓΡΑΦΗΣΗΣ
Φορέας πρωτότυπης καταλογογράφησης MC Athens Campus Library
Γλώσσα καταλογογράφησης Ελληνικά, Μοντέρνα (1453-)
Modifying agency MC Athens Campus Library
Κανόνες περιγραφικής καταλογογράφησης AACR2
245 1# - ΤΙΤΛΟΣ ΚΑΙ ΔΗΛΩΣΗ ΥΠΕΥΘΥΝΟΤΗΤΑΣ
Τίτλος Η Νεότερη Πρακτική Λογιστική και Όλες Οι Εργασίες του Λογιστηρίου / Όλες οι Εργασίες του Λογιστή, από την Αρχή μέχρι το Τέλος του Χρόνου και Λυμένη κάθε Περίπτωση που Συναντάμε στην Πράξη
260 ## - PUBLICATION, DISTRIBUTION, ETC.
Name of publisher, distributor, etc. Interbooks,
Date of publication, distribution, etc. 1992
300 ## - PHYSICAL DESCRIPTION
Extent 688
520 ## - SUMMARY, ETC.
Summary, etc. Γενικές Αρχές - Εμπορικές Επιχειρήσεις - Ξενοδοχειακές Επιχειρήσεις - Λογιστική και Εσωτερική Υπηρεσίες - Βιομηχανικές Επιχειρήσεις - Παραγγελιοδοχικές Επιχειρήσεις - Υποκαταστήματα - Ασφαλιστικές Επιχειρήσεις - Εταιρικές Επιχειρήσεις - Πρακτικές Εφαρμογές - Βιβλία Μικρών Επιχειρήσεων. Πρακτικές Εφαρμογές που Αφορούν Λογιστικά Βιβλία και Καταχωρίσεις, Πρακτικές Εφαρμογές που Αφορούν Εξόδα και Πληρωμές, Πρακτικές Εφαρμογές που Αφορούν Φόρους και Τέλη, Πρακτικές Εφαρμογές που Αφορούν Κέρδη Χρήσης, Πρακτικές Εφαρμογές που Αφορούν Διοκητικό Συμβούλιο και Διαχειρίσεις, Πρακτικές Εφαρμογές που Αφορούν Δάνεια, Πρακτικές Εφαρμογές που Αφορούν Κτίρια και Εγκαταστάσεις Κτιρίων και Τεχνικά Εργα, Πρακτικές Εφαρμογές που Αφορούν Απογραφή και Ισολογισμό, Πρακτικές Εφαρμογές που Αφορούν Αναπτυξιακούς Νόμους, Πρακτικές Εφαρμογές που Αφορούν Έσοδα και Εισπράξεις, Πρακτικές Εφαρμογές που Αφορούν Αποσβέσεις, Πρακτικές Εφαρμογές που Αφορούν Εμπορεύματα και Πιστωτικά Σημείωματα, Πρακτικές Εφαρμογές που Αφορούν Επιταγές, Πρακτικές Εφαρμογές που Αφορούν Εισαγωγές, Πρακτικές Εφαρμογές που Αφορούν Συναλλαγματικές, Πρακτικές Εφαρμογές που Αφορούν Βιβλία Αποθήκης, Πρακτικές Εφαρμογές που Αφορούν Προμηθευτές, Πρακτικές Εφαρμογές που Αφορούν Διάφορες Περιπτώσεις.
700 1# - ΠΡΟΣΘΕΤΗ ΑΝΑΓΡΑΦΗ--ΦΥΣΙΚΟ ΠΡΟΣΩΠΟ
Personal name Παρασκευόπουλος Δημήτριος Π
9 (RLIN) 905
942 ## - ADDED ENTRY ELEMENTS (KOHA)
Koha item type Books
Holdings
Τύπος τεκμηρίου Βιβλιοθήκη Τρέχουσα τοποθεσία Barcode Αριθμός εισαγωγής Ημερομηνία απόκτησης Ταξιθετικό σύμβολο Αριθμός αντιτύπου Κατάσταση απόσυρσης Κατάσταση χαμένου Κατάσταση κατεστραμμένου Μη δανεισμός Σύνολο δανεισμών Ημερομηνία τελευταίας εμφάνισης Η τιμή ισχύει από
Books MC Athens Campus Library MC Athens Campus Library 9780000006660 1295 05/06/2025 657.9 PAR 1           05/06/2025 05/06/2025

MC Athens Campus Library
Πατησίων 94 & Κοδριγκτώνος 13, 104 34
Πελλήνης 8 & Πατησίων 107, 112 51
Τ: +30 210 8899600

MC Thessaloniki Campus Library
Ίωνος Δραγούμη 21, 54625 | Ίωνος Δραγούμη 15, 54625
Τ: +30 2310 287779 – Τ: +30 2314 440300